| 000 | 00650nam a22001697a 4500 | ||
|---|---|---|---|
| 999 |
_c59924 _d59924 |
||
| 003 | Ge_BSU | ||
| 005 | 20230510164918.0 | ||
| 008 | 230510s1997 ge ||||| |||| 00| 0 geo d | ||
| 041 | _ageo | ||
| 080 | _a27-36+821.353.1.09 | ||
| 100 |
_aსირაძე , რევაზ _95771 |
||
| 245 |
_a"წმინდა ნინოს ცხოვრება" და დასაწყისი ქართული აგიოგრაფიისა / _cრევაზ სირაძე. |
||
| 264 |
_aთბილისი, _c1997. |
||
| 300 |
_a221 გვ.; _b21 სმ. |
||
| 520 | _aრეზიუმე რუს.ენ. | ||
| 942 |
_2udc _cBK |
||